MDQL
is popping MORE tags! Check the
thread
!
Quizzes
Events
Quiz Creation
Community
Videos
Private Events
Remove Ads
Sign In
Join for FREE
Feedback
Dark Mode
Quiz Categories
Sports
Geography
Music
Movies
Television
Just For Fun
Miscellaneous
History
Literature
Language
Science
Gaming
Entertainment
Religion
Holiday
For Kids
Quiz Lab
Recent
Popular Today
Quiz Kudos Today
Editor Picks
Curator Picks
Quizzes by...
Day
Popularity
Type
Ratings
Length
Year
Community
Subscriptions
Recent Discussions
Orange Saloon
Badges
Playlists
Quests
Create
Leaderboards
Showdown
Live 5
Trivia Bingo
Activity
Puzzle Library
Sporcle Events
Private Events
Virtual Trivia
Globe League
Become a Host
Pub Owners
SporcleCon
Opinionation
Our Games
Videos
Blog
Mobile Apps
Partnerships
Remove Ads and Go Orange
Feedback
Music
Pop Music
The Beatles
Song
Album
Lyrics
Bands
Singers
Artist
Clip
Rock
Rap
Classical
Billboard
Country Music
Kpop
Taylor Swift
Music
Pop Music
The Beatles
Song
Album
Lyrics
Bands
Singers
Artist
Clip
Rock
Rap
Classical
Billboard
Country Music
Kpop
Taylor Swift
Random Quiz
Search Sporcle
×
Quiz Lab
Quiz Lab
Music
Bands
Type in answers that appear in a list
Type in answers that appear in a list
Classic
Best Score? Go Orange.
If I Die Young Lyrics Stats
Can you name the lyrics to The Band Perry's 'If I Die Young'?
By
JulietPennyLuv
12m
271 Questions
3,324 Plays
3,324 Plays
3,324 Plays
Comments
Comments
Give Quiz Kudos
Give Quiz Kudos
-
- Ratings
hide this ad
Replay
Link that replays current quiz
Next Quiz
Link to next quiz in quiz playlist
You Got
0%
They Got
Avg Score
85%
Avg Friend Score
Upgrade to see
Score Distribution
Jump to the score distribution portion of the page
Score
0/271
Timer
12:00
0
Plays Today
% Correct
I
100%
I
100%
I
100%
I
100%
If
99.4%
die
99.4%
If
99.4%
die
99.4%
young
99.2%
young
99.2%
you
99.1%
you
99.1%
me
98.7%
me
98.7%
me
98.7%
me
98.7%
me
98.7%
me
98.7%
me
98.7%
me
98.7%
me
98.7%
me
98.7%
a
98.7%
the
98.7%
the
98.7%
a
98.7%
a
98.7%
and
98.7%
the
98.7%
a
98.7%
a
98.7%
the
98.7%
the
98.7%
a
98.7%
the
98.7%
a
98.7%
And
98.7%
the
98.7%
the
98.7%
a
98.7%
a
98.7%
the
98.7%
a
98.7%
and
98.7%
a
98.7%
a
98.7%
a
98.7%
and
98.7%
the
98.7%
98.7%
98.7%
98.7%
98.7%
in
98.3%
in
98.3%
in
98.3%
in
98.3%
in
98.3%
be
98.2%
be
98.2%
be
98.2%
of
97.7%
of
97.7%
of
97.7%
of
97.7%
of
97.7%
of
97.7%
of
97.7%
of
97.7%
down
97.5%
down
97.5%
down
97.5%
lay
97.5%
lay
97.5%
roses
97.4%
roses
97.4%
bed
97.1%
bed
97.1%
on
96.9%
on
96.9%
on
96.9%
on
96.9%
on
96.9%
bury
95.9%
bury
95.9%
river
95.8%
river
95.8%
love
95.8%
love
95.8%
love
95.8%
with
94.3%
% Correct
with
94.3%
with
94.3%
song
94.3%
song
94.3%
so
94.2%
so
94.2%
words
93.9%
words
93.9%
words
93.9%
at
93.7%
at
93.7%
away
93.6%
away
93.6%
dawn
93.4%
dawn
93.4%
send
93.1%
send
93.1%
satin
92.9%
satin
92.9%
sink
90.3%
sink
90.3%
my
90.3%
my
90.3%
my
90.3%
my
90.3%
my
90.3%
my
90.3%
I'll
88.6%
I'll
88.6%
I'll
88.6%
I'll
88.6%
when
88.2%
when
88.2%
when
88.2%
when
88.2%
life
87.8%
life
87.8%
life
87.8%
life
87.8%
oh
87.6%
oh
87.6%
short
85.7%
short
85.7%
short
85.7%
I'm
85.4%
I'm
85.4%
I'm
85.4%
your
85.4%
your
85.4%
he
85%
sharp
84.1%
sharp
84.1%
sharp
84.1%
she
84%
she
84%
know
83.9%
knife
83.9%
knife
83.9%
knife
83.9%
to
83.8%
mother
83.7%
it
83.5%
it
83.5%
I've
83.1%
I've
83.1%
I've
83.1%
I've
83.1%
I've
83.1%
rainbow
81.9%
wear
81.9%
her
81.4%
time
81.3%
time
81.3%
time
81.3%
shine
81.1%
had
80.9%
had
80.9%
had
80.9%
make
80.7%
for
80.7%
for
80.7%
no
80.7%
no
80.7%
but
80.3%
but
80.3%
just
80.2%
just
80.2%
just
80.2%
enough
79.7%
enough
79.7%
enough
79.7%
% Correct
under
78.7%
what
78.5%
what
78.5%
safe
78.5%
Lord
78.4%
colors
78.4%
white
78.3%
baby
78.2%
boy
78.2%
thought
77.7%
she'll
77.3%
never
77.1%
never
77.1%
wearing
76.9%
ain't
76.5%
ain't
76.5%
put
76.3%
stands
75.6%
best
75.4%
as
75.2%
as
75.2%
pearls
75.2%
finger
75.2%
hand
74.8%
come
74.8%
kingdom
74.4%
well
74.4%
well
74.4%
well
74.4%
into
74.2%
was
74.2%
who
74%
holding
73.7%
think
73.6%
forever
73.6%
forever
73.6%
little
73.4%
'em
73.3%
penny
73.3%
dollar
73.1%
always
73.1%
by
73%
man
72.8%
buries
72.7%
would
72.7%
felt
72.6%
cold
72.6%
have
72.3%
ring
72.2%
could
72.2%
sure
72%
green
71.9%
sell
71.9%
even
71.8%
you're
71.7%
nice
71.4%
people
71.4%
listening
71.4%
start
71.3%
dead
71.2%
funny
70.9%
grey
70.8%
is
70.6%
town
70.3%
thoughts
70.1%
more
69.6%
here
69.6%
how
69.2%
there's
69.2%
much
69.1%
says
68.7%
he'll
68.6%
known
68.4%
boys
68.3%
ought
68%
severed
67.9%
loving
67.8%
gonner
67.8%
worth
67.5%
been
67.4%
after
67.4%
did
66.1%
hear
64.7%
done
64.4%
they're
64.1%
maybe
63.5%
singing
63.4%
then
62.7%
you'll
62.2%
Quiz Playlist
Details
Report
Send in Message
Add To Playlist
Classic:
Type in answers that appear in a list
Last Updated: Aug 30, 2017
Quiz Scoreboard
CHALLENGE
Sign Up to Join the Scoreboard
Show All
Scores
Hide
Comments
May contain spoilers
Recently Published
Image Sorting: Flags VI
by Barbecue
Geography
2m
Find the 'City' Movie
by crazypaving
Movies
60s
Colored Red Africa Blitz
by spor1
Geography
45s
More to Explore
Quiz From the Vault
Featured Blog Post
14 Easter Pick-up Lines to Find Eggs With
hide this ad
You Might Also Like...
Tags
Bands Quiz
death
Perry
The Band
Young
Today's Top Quizzes in Music
Browse Music
hide this ad
Today's Top Quizzes in Bands
Browse Bands
Top Contributed Quizzes in Music
1
5X2 Blitz: Bands II
2
5X2 Blitz: The Beatles
3
Taylor Swift All Songs (2024)
4
5X2 Blitz: Billboard
5
5X2 Blitz: Billboard II
6
5X2 Blitz: Album
7
5X2 Blitz: Rock
8
5X2 Blitz: Singers
9
Taylor Swift Logic Puzzle II
10
5X2 Blitz: Lyrics
Explore More
Trending Topics
Anime
Harry Potter
Marvel
Kpop
Crossword
NBA
Disney
Song
The Office
Pokémon
Soccer
Country
Puzzle
NFL
WWE
hide this ad
More By:
JulietPennyLuv
Quiz
Plays
Rating
Category
Featured
Created
Diary of a Wimpy Kid Books
6,559
4.26
Literature
Mar 20, 2010
If I Die Young Lyrics
3,324
4.30
Music
Jul 28, 2011
Bad Romance Lyrics
2,436
1.85
Music
May 26, 2010
Cup Song (Anna Kendrick) Lyrics
1,521
4.29
Music
Apr 19, 2013
Bates Family Children
692
Entertainment
Sep 8, 2012
Go to Creator's Profile
Score Distribution
Quiz Creator Spotlight
JulietPennyLuv
Follow
Send a Message
Quizzes Created
-
Created Quiz Play Count
-
More By This Creator
Popular Quizzes Today
1
Colored Red Africa Blitz
2
Find the US States - No Outlines Minefield
3
Find the 'City' Movie
4
5x2 Blitz: Bands
5
The Countries of the World
6
Find the US States
7
Find the Countries of Europe - No Outlines Minefield
8
US States
More Music Quizzes
Songs In My 'K-Pop Hoe Anthems' Playlist
Quiz Lab
Trending Quizzes
Colored Red Europe Blitz I
Colored Red Europe Blitz II
Colored Red Africa Blitz II
Colored Red Europe Blitz III
Colored Red Africa Blitz III
Recently Updated
How Do You Spell That?
pecheneg
Godzilla Movies
pecheneg
Grab Bag: 4-10 Letters
pecheneg
2024 March Madness Bracket
pecheneg
Famous TV Couples
Peacemaker
Champions League XIs: Real Madrid
pecheneg
Largest US Cities 1790-2010
pecheneg
Rides in Walt Disney World
pecheneg
Most Oscar Losses (Acting)
pecheneg
Beyoncé Albums
pecheneg
Trending Topics
Disney
NBA
Crossword
Kpop
Anime
Marvel
Harry Potter
Soccer
WWE
NFL
Puzzle
Country
The Office
Pokémon
Song
Your Account Isn't Verified!
In order to create a playlist on Sporcle, you need to verify the email address you used during registration. Go to your
Sporcle Settings
to finish the process.
Report this User
Report this user for behavior that violates our
Community Guidelines
.
Details:
Send Report
Go to the Sporcle.com Mobile Site →
Comments